Δικό της /
| Κύριος συγγραφέας: | |
|---|---|
| Μορφή: | Βιβλίο |
| Γλώσσα: | English |
| Έκδοση: |
[Αθήνα]:
Κείμενα,
1985.
|
| LEADER | 00528nam a2200169 i 4500 | ||
|---|---|---|---|
| 003 | GR-PaULI | ||
| 005 | 20200626110305.0 | ||
| 008 | 200626s1985 gr ||||| |||| 00| 0 eng d | ||
| 999 | |c 145711 |d 145711 | ||
| 040 | |a GR-PaULI |b gre |c GR-PaULI |e AACR2 | ||
| 082 | 0 | 4 | |2 23 |a 889.134 |
| 100 | 1 | |9 102949 |a Λαϊνά, Μαρία, |d 1947- |e συγγραφέας | |
| 245 | 1 | 0 | |a Δικό της / |c Μαρία Λα'ίνά. |
| 260 | |a [Αθήνα]: |b Κείμενα, |c 1985. | ||
| 300 | |a 82 σ. ; |c 17 εκ. | ||
| 942 | |2 ddc |c BKN | ||
| 998 | |c ΣΑΤΛΑΝΗΣ |d 2020-06 | ||